| 000 | 00787nam a2200265Ia 4500 | ||
|---|---|---|---|
| 001 | Z_487 | ||
| 003 | CHAP | ||
| 008 | 220113s1975 xx 000 0 und d | ||
| 010 | _a163464 | ||
| 040 | _cCHAP | ||
| 090 | _aTesis L 72 | ||
| 100 |
_aLimón Sánchez, Osvaldo _966883 |
||
| 245 |
_aUtilización de la harina de gobernadora (Larrea tridentata) en la alimentación de aves / _cPor Osvaldo Limón Sánchez |
||
| 260 |
_aChapingo, Méx. : _bEl autor, _c1975 |
||
| 300 | _a31 h. apénd. | ||
| 502 | _aTesis (Ing. Agrónomo Esp. en Zootecnia) -- ENA. Departamento de Zootecnia | ||
| 650 |
_aAves de corral _xAlimentación _98638 |
||
| 650 |
_aLarrea tridentata _964959 |
||
| 901 | _aTESIS L 72 | ||
| 902 | _aM | ||
| 910 | _a1975 | ||
| 942 | _c2 | ||
| 942 | _c2 | ||
| 999 |
_c163464 _d163464 |
||